|
|
|
|
| LEADER |
00939nam a2200277 i 4500 |
| 001 |
8540 |
| 003 |
BD-DhAAL |
| 005 |
20130826111555.0 |
| 008 |
130826r19971976enk b 001 0 eng d |
| 010 |
|
|
|a 76381772
|
| 020 |
|
|
|a 041682420X
|
| 020 |
|
|
|a 0415045835
|
| 040 |
|
|
|a DLC
|c DLC
|d DLC
|d BD-DhAAL
|
| 050 |
0 |
0 |
|a PN98.C6
|b E23
|
| 082 |
0 |
0 |
|a 801/.95
|
| 100 |
1 |
|
|a Eagleton, Terry,
|d 1943-
|9 2768
|
| 245 |
1 |
0 |
|a Marxism and literary criticism /
|c Terry Eagleton.
|
| 260 |
|
|
|a London :
|b Methuen ;
|b Routleege,
|c c1976 [reprinted 1997].
|
| 300 |
|
|
|a viii, 88 p. ;
|c 21 cm.
|
| 504 |
|
|
|a Includes index and bibliography (p. 84-87).
|
| 541 |
|
|
|e 8540
|
| 650 |
|
0 |
|a Marxist criticism.
|9 2769
|
| 650 |
|
0 |
|a Communism and literature.
|9 2770
|
| 942 |
|
|
|2 ddc
|c BK
|
| 999 |
|
|
|c 13884
|d 13884
|
| 952 |
|
|
|0 0
|1 0
|2 ddc
|4 0
|6 801_950000000000000_EAG
|7 0
|9 23234
|a BRACUL
|b BRACUL
|c GEN
|d 2013-08-26
|l 8
|m 47
|o 801.95 EAG
|p 3010008540
|r 2025-08-27
|s 2025-08-13
|t 1
|w 2013-08-26
|y BK
|